000
00287nam a2200121Ia 4500
008
190216s9999||||xx |||||||||||||| ||und||
100
_a
Nayantara Sahgal
245
0
_a
From Fear Set Free
260
_b
Orient Paper Books
_c
1962
300
_a
195
650
_a
English Essay
942
_c
BK
999
_c
12168
_d
12168